STN EN ISO 140-5: 2001 (73 0511) [neplatná], Akustika. Meranie zvukovoizolačných vlastností budov a stavebných konštrukcií. Časť 5 Meranie vzduchovej nepriezvučnosti obvodových plášťov a ich častí v budovách (ISO 140-5:1998)
Uložené v:
| Hlavný autor: | |
|---|---|
| Korporatívny autor: | |
| Ďalší autori: | , |
| Médium: | Norma |
| Jazyk: | Slovak English |
| Vydané: |
Bratislava :
Slovenský ústav technickej normalizácie,
2001.
|
| Témy: | |
| Fyzický popis: |
32 s. : grafy, obr. ; 30 cm. |
| Tagy: |
Pridať tag
Žiadne tagy, Buďte prvý kto otaguje tento záznam!
|
Titul je dostupný aj v ... 

MARC
| LEADER | 00000cam a2200000 a 4500 | ||
|---|---|---|---|
| 001 | 000717708 | ||
| 003 | SVKKK | ||
| 005 | 20240816131554.0 | ||
| 008 | 160430s2001 xo da f u 000 0 slo | ||
| 020 | |c (cen. skup. 13) | ||
| 040 | |a SVKKK |b slo |c SVKKK |e AACR2 | ||
| 041 | 1 | |a slo |h eng | |
| 044 | |a xo |c SK | ||
| 046 | |a m |m 200107 (účin.) |n 201408 (zruš.) | ||
| 080 | |a 534.8:69 |2 2001 | ||
| 080 | |a 006.86 |2 2001 | ||
| 080 | |a (437.6) |2 2001 | ||
| 080 | |a (4) |2 2001 | ||
| 080 | |a (083) |2 2001 | ||
| 084 | |a 91.120.00 |2 ICS | ||
| 084 | |a 91.060 |2 ICS | ||
| 130 | 0 | |a STN 73 0511 (STN EN ISO 140-5) [neplatná] | |
| 245 | 1 | 0 | |a STN EN ISO 140-5: 2001 (73 0511) [neplatná], Akustika. Meranie zvukovoizolačných vlastností budov a stavebných konštrukcií. |n Časť 5 |p Meranie vzduchovej nepriezvučnosti obvodových plášťov a ich častí v budovách (ISO 140-5:1998) |
| 246 | 1 | 0 | |a Akustika |
| 246 | 1 | 0 | |a Meranie zvukovoizolačných vlastností budov a stavebných konštrukcií |
| 246 | 1 | 0 | |a Meranie vzduchovej nepriezvučnostiobvodových plášťov a ich častí v budovách |
| 246 | 3 | 0 | |a EN ISO 140-5: 1998 E |
| 246 | 3 | 0 | |a ISO 140-5: 1998 |
| 260 | |a Bratislava : |b Slovenský ústav technickej normalizácie, |c 2001. | ||
| 300 | |a 32 s. : |b grafy, obr. ; |c 30 cm. | ||
| 500 | |a Súbežný názov v angličtine, francúzštine, nemčine | ||
| 540 | |a STN vydané na akomkoľvek nosiči sa môžu rozmnožovať a rozširovať iba so súhlasom určenej právnickej osoby |b SÚTN Bratislava |c zákon 264/1999 Z. z. | ||
| 500 | |a Spracovateľ: Stavebná fakulta STU, Bratislava, Peter Tomašovič, Július Puškáš ; SÚTN Bratislava Henrieta Tölgyessyová | ||
| 500 | |a Táto norma nahrádza STN 73 0515 z 26.8.1983 v celom rozsahu | ||
| 500 | |a [Norma je nahradená normou STN EN ISO 16283-1 z augusta 2014] | ||
| 504 | |a Citované normy a súvisiace právne predpisy s. 2 ; literatúra s. 28 ; odkazy na medzinárodné normy a zodpovedajúce európske normy s. 29 | ||
| 650 | 0 | 7 | |a stavebná akustika |2 SVKKKPH |
| 655 | 7 | |a normy |2 SVKKKPH | |
| 650 | 0 | 7 | |a technické normy a štandardy |z krajiny Európskej únie |
| 650 | 0 | 7 | |a technické normy a štandardy |z Slovensko |
| 650 | 0 | 7 | |a Building acoustics |
| 700 | 1 | |a Tomašovič, Peter, |4 trl |d 1947- | |
| 710 | 2 | |a Slovenský ústav technickej normalizácie (Bratislava, Slovensko). |b Technická normalizačná komisia č. 21 Akustika a vibrácie |4 stn | |
| 700 | 1 | |a Puškáš, Július, |d 1935-2017 |4 trl | |
| 700 | 1 | |a Tölgyessyová, Henrieta |4 aut | |
| 710 | 2 | |a Slovenská technická univerzita v Bratislave. |b Stavebná fakulta |4 trl | |
| 910 | |a svkkk | ||
| 998 | |a NO | ||
| 090 | |g SCKHL |k Normy Pribinova 1 |a STN EN ISO 140-5 |j 14429 |i 2721112337 |s Normy-prez. | ||